[Event "It (a) (cat.3)"]
[Site "masterchessopen.com Budapest (Hungary)"]
[Round "6"]
[White "Kahn Evarth Dr (HUN)"]
[Black "Sendur Adnan (TUR)"]
[Result "1-0"]
[WhiteElo "2284"]
[BlackElo "2411"]

1.d4 Nf6 2.c4 e6 3.Nc3 Bb4 4.Qc2 d5 5.cxd5 Qxd5 6.e3 c5 7.Bd2 Bxc3 8.bxc3 Nc6
9.Nf3 O-O 10.c4 Qd6 11.Bc3 cxd4 12.exd4 b6 13.Be2 Bb7 14.O-O Rac8 15.Rfd1 Qf4
16.g3 Qe4 17.Qb2 Ne7 18.d5 exd5 19.Bxf6 gxf6 20.Rd4 Qe6 21.Re1 Qc6 22.Nh4 Ng6
23.Bf3 Rfe8 24.Red1 Qc5 25.Rg4 Re5 26.Qd2 Rce8 27.cxd5 Bxd5 28.Bxd5 Re2 29.Qd4
Re1+ 30.Rxe1 Rxe1+ 31.Kg2 Qc1 32.Nxg6 Rg1+ 33.Kh3 hxg6 34.Rxg6+ Kf8 {#r} 1-0

[Event "It (open)"]
[Site "masterchessopen.com Cappelle la Grande (France)"]
[Round "5"]
[White "Savchenko Stanislav (UKR)"]
[Black "Li Shilong (CHN)"]
[Result "1-0"]
[WhiteElo "2550"]
[BlackElo "2504"]

1.d4 Nf6 2.c4 e6 3.Nc3 Bb4 4.Qc2 d5 5.cxd5 Qxd5 6.Nf3 O-O 7.Bd2 Bxc3 8.Bxc3 c5
9.dxc5 Qxc5 10.Rc1 Nbd7 11.e4 e5 12.Bd3 Re8 13.O-O b6 14.b4 Qe7 15.Qe2 Bb7
16.Nd2 Rac8 17.a3 Rc7 18.Rc2 Rec8 19.Rfc1 Qe6 20.f3 Ne8 21.Bb2 Rxc2 22.Rxc2
Nd6 23.Rxc8+ Bxc8 24.Nc4 Bb7 25.Qc2 Kf8 26.Ne3 Ke7 27.Ba1 f6 28.Kf2 g6 29.h4
Kd8 30.Nc4 Nf8 31.g4 Bc8 32.Ne3 Bb7 33.Kg3 Qf7 34.Nc4 Qd7 35.g5 fxg5 36.hxg5
Nxc4 37.Bxc4 Ne6 38.Bxe5 Ke8 39.f4 Bc8 40.Qd3 Qf7 41.f5 gxf5 42.exf5 Qh5
43.Bf6 Qh1 44.Qe3 Kf8 45.fxe6 {#r} 1-0

[Event "Tournament"]
[Site "masterchessopen.com Cartagena (Colombia)"]
[Round "5"]
[White "Alzate Dario (COL)"]
[Black "Echeverria Acuca Mario Armando (COL)"]
[Result "1-0"]
[WhiteElo "2432"]
[BlackElo "2148"]

1.d4 Nf6 2.c4 e6 3.Nc3 Bb4 4.Qc2 d5 5.cxd5 Qxd5 6.Nf3 c5 7.Bd2 Bxc3 8.Bxc3 Nc6
9.dxc5 Qxc5 10.e4 e5 11.Rc1 O-O 12.a3 Bg4 13.Be2 Rac8 14.O-O Qe7 15.Rfd1 Bh5
16.Qa4 Bg6 17.Nd2 Rfd8 18.Bf3 Nd7 19.Nb3 a6 20.Na5 Nc5 21.Nxc6 Rxc6 22.Bb4 Rd4
23.Rxc5 Rxc5 24.Rxd4 exd4 25.Bxc5 Qxc5 26.Qe8+ Qf8 27.Qd7 h6 28.Qxd4 Qc8 29.g3
Qc7 30.h4 f6 31.e5 fxe5 32.Qd5+ Kh7 33.h5 Bf5 34.Qxb7 Qc4 35.Bd5 Qe2 36.Qa8
{#r} 1-0

[Event "It \"]
[Site "masterchessopen.com Framingham (USA)"]
[Round "6"]
[White "Ippolito Dean (USA)"]
[Black "Friedman Josef (USA)"]
[Result "0-1"]
[WhiteElo "2393"]
[BlackElo "2118"]

1.d4 Nf6 2.c4 e6 3.Nc3 Bb4 4.Qc2 d5 5.cxd5 Qxd5 6.Nf3 Qf5 7.Qb3 Nc6 8.a3 Ba5
9.e3 O-O 10.Be2 e5 11.dxe5 Nxe5 12.O-O Be6 13.Qa4 Bxc3 14.bxc3 Ne4 15.Qd4 Nc6
16.Qd3 Rad8 17.Nd4 Qg6 18.Rd1 Ne5 19.Qc2 Bh3 20.g3 Rxd4 21.exd4 Nxg3 22.Qxg6
Nxe2+ 23.Kh1 fxg6 24.Be3 Ng4 25.Rd2 {#R} 0-1

[Event "It (open)"]
[Site "masterchessopen.com Skelleftea (Sweden)"]
[Round "1"]
[White "Marklund Niklas (SWE)"]
[Black "Sax Gyula (HUN)"]
[Result "0-1"]
[WhiteElo "2146"]
[BlackElo "2593"]

1.d4 Nf6 2.c4 e6 3.Nc3 Bb4 4.Qc2 d5 5.cxd5 Qxd5 6.Nf3 Nc6 7.Bd2 Bxc3 8.Bxc3
Ne4 9.e3 e5 10.Nxe5 Nxe5 11.dxe5 Nxc3 12.Qxc3 O-O 13.b3 Bd7 14.Rd1 Qc6 15.Qd4
Be6 16.f3 g6 17.Kf2 Rad8 18.Qxd8 Rxd8 19.Rxd8+ Kg7 20.Bc4 Bxc4 21.Rc1 Qa6
22.Rxc4 Qxa2+ 23.Kg3 Qxb3 24.Rxc7 Qxe3 25.Re8 g5 26.Ree7 Qe1+ 27.Kg4 Qh4+
28.Kf5 Qf4# 0-1

[Event "It \"]
[Site "masterchessopen.com St. Petersburg (Russia)"]
[Round "6"]
[White "Kryschilovskij Andrej (RUS)"]
[Black "Altshul Raffael (RUS)"]
[Result "0-1"]
[WhiteElo "2384"]
[BlackElo "2338"]

1.d4 Nf6 2.c4 e6 3.Nc3 Bb4 4.Qc2 d5 5.cxd5 Qxd5 6.Nf3 c5 7.Bd2 Bxc3 8.Bxc3 Nc6
9.Rd1 O-O 10.e3 a6 11.dxc5 Qxc5 12.Bd3 Nb4 13.Qd2 Nxd3+ 14.Qxd3 Nd5 15.Ng5 f5
16.Bd4 Qa5+ 17.Rd2 Bd7 18.Qa3 Qxa3 19.bxa3 h6 20.Nf3 Bb5 21.Rc2 Rac8 22.Kd2
Rxc2+ 23.Kxc2 Nf6 24.Ne5 Ng4 25.f3 Nxe5 26.Bxe5 Rd8 27.Re1 g5 28.e4 fxe4
29.fxe4 Rf8 30.Bd4 Rf4 31.g3 Rf3 32.Be3 e5 33.Kd2 Kf7 34.Rc1 Bc6 35.Ke2 Rf6
36.Rc5 Ke6 {#R} 0-1

[Event "Ch Yugoslavia (juniors) (under 20)"]
[Site "masterchessopen.com Tivat (Yugoslavia)"]
[Round "1"]
[White "Jeremic Veljko (SRB)"]
[Black "Saranovic Mitar (MNE)"]
[Result "1-0"]
[WhiteElo "2484"]
[BlackElo "2102"]

1.d4 Nf6 2.c4 e6 3.Nc3 Bb4 4.Qc2 d5 5.cxd5 Qxd5 6.e3 c5 7.Bd2 Bxc3 8.Bxc3 Nc6
9.Nf3 b6 10.dxc5 Qxc5 11.Rc1 Bd7 12.Be2 Nd5 13.Qd2 Nxc3 14.Rxc3 Qe7 15.Bb5 Rd8
16.Rxc6 Bxc6 17.Bxc6+ Kf8 18.Qc3 Qd6 19.O-O Rc8 20.Rc1 Ke7 21.b4 b5 22.g3 Rhd8
23.Nd4 a6 24.Qa3 Kf8 25.Qxa6 Qxb4 26.Nxb5 Qb2 27.Rc4 g5 28.Rd4 Kg8 29.Kg2 e5
30.Rd6 Qe2 31.Qb6 Qc4 32.Bb7 Rxd6 33.Nxd6 {#r} 1-0

[Event "Cup Russia (open)"]
[Site "masterchessopen.com Tula (Russia)"]
[Round "7"]
[White "Turov Maxim (RUS)"]
[Black "Bocharov Dmitry (RUS)"]
[Result "1-0"]
[WhiteElo "2564"]
[BlackElo "2425"]

1.d4 Nf6 2.c4 e6 3.Nc3 Bb4 4.Qc2 d5 5.cxd5 Qxd5 6.Nf3 Qf5 7.Qxf5 exf5 8.Bd2 c6
9.e3 Be6 10.Be2 Nbd7 11.O-O Bd6 12.Rfc1 Ne4 13.Be1 Ndf6 14.Nxe4 fxe4 15.Nd2
O-O 16.f3 exf3 17.gxf3 Rfd8 18.Bg3 Bb4 19.Nf1 Bh3 20.Rc4 Nd5 21.e4 Ba5 22.Kf2
Nc7 23.Bf4 Bb6 24.Kg3 Be6 25.Rc2 Rac8 26.Rd2 f5 27.Ne3 fxe4 28.fxe4 Bf7 29.Nc4
Ne6 30.Nxb6 axb6 31.b3 Bg6 32.Bf3 Ra8 33.Be3 Nc7 34.Bg5 Rd7 35.Bg4 Rf7 36.d5
h6 37.Bf4 h5 38.Bxc7 hxg4 39.d6 Rd7 40.Re1 {#r} 1-0

[Event "Ch Georgia (juniors) (under 18) (g)"]
[Site "masterchessopen.com Tbilisi (Georgia)"]
[Round "0"]
[White "Dzagnidze Nana (GEO)"]
[Black "Matnadze Ana (GEO)"]
[Result "0-1"]
[WhiteElo "2372"]
[BlackElo "2342"]

1.d4 Nf6 2.c4 e6 3.Nc3 Bb4 4.Qc2 d5 5.cxd5 Qxd5 6.Nf3 Qf5 7.Qxf5 exf5 8.Bd2 c6
9.e3 Be6 10.Bd3 g6 11.Na4 Bxd2+ 12.Nxd2 Nbd7 13.Ke2 O-O 14.Rhc1 Rfe8 15.b4 Nd5
16.a3 Nf4+ 17.exf4 Bc4+ 18.Kf3 Bxd3 19.Re1 b6 20.Nb2 Ba6 21.Ndc4 Nf6 22.Rad1
Rxe1 23.Rxe1 Rd8 24.Re7 Rxd4 25.Ne5 Rxf4+ 26.Kxf4 Nd5+ 27.Kf3 Nxe7 28.Ke3 f6
29.Nf3 Kf7 30.Kd4 Ke6 31.g3 Nd5 32.Nd2 f4 33.g4 Be2 34.f3 a5 35.Nbc4 axb4
36.axb4 g5 37.h3 h6 38.Ke4 c5 {#R} 0-1

[Event "Staatsliga B Mitte 2002/03"]
[Site "masterchessopen.com Austria"]
[Round "7"]
[White "Titz Heimo (AUT)"]
[Black "Seifert Volker (GER)"]
[Result "1-0"]
[WhiteElo "2326"]
[BlackElo "2310"]

1.d4 e6 2.c4 Nf6 3.Nc3 Bb4 4.Qc2 d5 5.cxd5 Qxd5 6.e3 c5 7.Bd2 Bxc3 8.Bxc3 cxd4
9.Bxd4 Nc6 10.Bc3 e5 11.Nf3 Bg4 12.Be2 Rc8 13.h3 Bh5 14.O-O Bg6 15.Qa4 O-O
16.Rfd1 Qe6 17.Nh4 Nd5 18.Nxg6 hxg6 19.Be1 Nb6 20.Qb5 Rfd8 21.a4 Rxd1 22.Rxd1
Rc7 23.a5 Nc8 24.Bc3 N8e7 25.Bc4 Qf5 26.Bd3 Qe6 27.Be4 f6 28.Bc2 Kh7 29.Bb3
Qf5 30.Qc4 Qg5 31.Qf7 b5 32.axb6 axb6 33.Rd6 Rc8 34.Rd7 f5 35.Bd5 {#r} 1-0

[Event "Tournament (Elo)"]
[Site "masterchessopen.com Budapest (Hungary)"]
[Round "12"]
[White "Kretov Evgueij (RUS)"]
[Black "Topp Michael (GER)"]
[Result "1-0"]
[WhiteElo "2146"]
[BlackElo "2130"]

1.d4 Nf6 2.c4 e6 3.Nc3 Bb4 4.Qc2 d5 5.cxd5 Qxd5 6.e3 e5 7.Bd2 Bxc3 8.bxc3 exd4
9.cxd4 Nc6 10.Nf3 Bf5 11.Qb3 Qxb3 12.axb3 Ne4 13.Bb5 Bd7 14.Bd3 Nxd2 15.Kxd2
Nb4 16.Be4 c6 17.Ne5 Be6 18.Kc3 Nd5+ 19.Bxd5 Bxd5 20.f3 Ke7 21.b4 g5 22.h4 f6
23.Nd3 h5 24.e4 Be6 25.hxg5 fxg5 26.Ra5 Kf6 27.f4 b5 28.f5 {#r} 1-0

[Event "Ch France (team) 2002"]
[Site "masterchessopen.com France"]
[Round "6"]
[White "Marcelin Cyril (FRA)"]
[Black "Lepelletier Benoit (FRA)"]
[Result "0-1"]
[WhiteElo "2503"]
[BlackElo "2446"]

1.d4 Nf6 2.c4 e6 3.Nc3 Bb4 4.Qc2 d5 5.cxd5 Qxd5 6.e3 O-O 7.Bd2 Bxc3 8.Bxc3 b6
9.Be2 Ba6 10.Bf3 Qb5 11.Ne2 Nd5 12.O-O Nd7 13.Rfc1 Rac8 14.a4 Qd3 15.b4 Qxc2
16.Rxc2 Bd3 17.Rcc1 c5 18.dxc5 bxc5 19.b5 g5 20.Ra3 Rfe8 21.Ba1 Bg6 22.Rd1
N7b6 23.Rc1 Nb4 24.Bf6 h6 25.h4 gxh4 26.Nf4 N6d5 27.Nxg6 Nxf6 28.Ne5 Nfd5
29.Rc4 Kg7 30.Bh5 Rc7 31.Rxh4 Nf6 32.e4 Nxh5 33.Rxh5 c4 34.Rg3+ Kf8 35.Rc3
Rec8 36.Rxh6 Ke7 37.Rh7 Kd6 38.Nxf7+ Kc5 39.Re3 Nc2 40.Rc3 Nd4 41.Rch3 Kb4
42.Ne5 c3 43.Nd3+ Kxa4 44.g4 c2 45.Kg2 Ne2 46.Rxc7 Rxc7 47.Rh1 Rc3 {#R} 0-1

[Event "It (open)"]
[Site "masterchessopen.com Porto San Giorgio (Italy)"]
[Round "1"]
[White "Lazarev Vladimir (FRA)"]
[Black "Andreeva Mariya (BUL)"]
[Result "1-0"]
[WhiteElo "2506"]
[BlackElo "2104"]

1.d4 Nf6 2.c4 e6 3.Nc3 Bb4 4.Qc2 d5 5.cxd5 Bxc3+ 6.Qxc3 Nxd5 7.Qb3 O-O 8.Nf3
Nd7 9.e4 N5f6 10.e5 Nd5 11.Bd3 h6 12.Bc2 c5 13.Qd3 f5 14.exf6 Qxf6 15.Qh7+ Kf7
16.Be3 b6 17.h4 Nxe3 18.fxe3 Ba6 19.O-O-O Rad8 20.Rh3 Ke7 21.Rg3 Rf7 22.Rg6
Nf8 23.Rxf6 Nxh7 24.Rxf7+ Kxf7 25.Bxh7 Be2 26.Ne5+ {#r} 1-0

[Event "It (open)"]
[Site "masterchessopen.com Reykjavik (Iceland)"]
[Round "1"]
[White "Neverov Valeriy (UKR)"]
[Black "Bjarnason Saevar (ISL)"]
[Result "1-0"]
[WhiteElo "2588"]
[BlackElo "2262"]

1.d4 Nf6 2.c4 e6 3.Nc3 Bb4 4.Qc2 d5 5.cxd5 Qxd5 6.Nf3 Qf5 7.Qxf5 exf5 8.a3
Bxc3+ 9.bxc3 c5 10.e3 O-O 11.Bd3 cxd4 12.cxd4 Be6 13.Ke2 Rc8 14.Nd2 Nc6 15.Bb2
g6 16.Rac1 Na5 17.f3 Bd5 18.Kf2 Nb3 19.Nxb3 Bxb3 20.e4 fxe4 21.fxe4 a6 22.d5
Nd7 23.Bd4 b5 24.Ke3 f6 25.g4 Kf7 26.g5 fxg5 27.Rcf1+ Ke7 28.Rhg1 h6 29.Bg7
Kd6 30.Bxh6 Ne5 31.Rf6+ Kc5 32.Rxg5 Nxd3 33.Kxd3 Bc4+ 34.Kc3 b4+ 35.axb4+ Kb5
36.d6+ {#r} 1-0

[Event "Ch Georgia (w)"]
[Site "masterchessopen.com Tbilisi (Georgia)"]
[Date "2002.04.14"]
[Round "5"]
[White "Lomineishvili Maia (GEO)"]
[Black "Matnadze Ana (GEO)"]
[Result "1-0"]
[WhiteElo "2397"]
[BlackElo "2392"]

1.d4 Nf6 2.c4 e6 3.Nc3 Bb4 4.Qc2 d5 5.cxd5 Qxd5 6.Nf3 Qf5 7.Qxf5 exf5 8.Bf4 c6
9.a3 Be7 10.e3 Be6 11.Nd2 Nbd7 12.Nc4 O-O 13.Be2 Bxc4 14.Bxc4 Nh5 15.Bc7 Rac8
16.Be5 Nxe5 17.dxe5 g6 18.e6 f6 19.O-O-O Rc7 20.Rd2 Rfc8 21.h3 f4 22.exf4 Nxf4
23.g3 Nd5 24.Bxd5 cxd5 25.Kb1 Rc6 26.Re1 Kf8 27.Rxd5 Bxa3 28.Rd7 Bb4 29.Nd5
Rd6 30.Rf7+ {#r} 1-0

[Event "It (cat.9)"]
[Site "masterchessopen.com Aarhus (Denmark)"]
[Round "1"]
[White "Stefansson Hannes (ISL)"]
[Black "Palo Davor (DEN)"]
[Result "1-0"]
[WhiteElo "2549"]
[BlackElo "2526"]

1.d4 Nf6 2.c4 e6 3.Nc3 Bb4 4.Qc2 d5 5.cxd5 Qxd5 6.Nf3 c5 7.dxc5 Qxc5 8.Be3
Bxc3+ 9.bxc3 Qh5 10.Bg5 Qg6 11.Qa4+ Bd7 12.Qa3 Bc6 13.Bf4 Qe4 14.e3 Nbd7
15.Nd4 e5 16.f3 Qg6 17.Nxc6 bxc6 18.Bg3 Qg5 19.e4 Nh5 20.Bf2 Nf4 21.g3 Ne6
22.Qd6 Qe7 23.O-O-O Rc8 24.Bh3 Qxd6 25.Rxd6 Ke7 26.Rhd1 Rc7 27.f4 Nf6 28.f5
Nxe4 29.fxe6 Nxd6 30.Bc5 Rd8 31.exf7 Kxf7 32.Bxd6 Rb7 33.Rf1+ Kg6 34.Bxe5 Re7
35.Bd4 Re2 36.Bf5+ Kh6 37.Bc2 Rxh2 38.Rf7 {#r} 1-0

[Event "Ch Brazil"]
[Site "masterchessopen.com Brasilia (Brazil)"]
[Round "3"]
[White "Lima Darcy (BRA)"]
[Black "Valle Adriano (BRA)"]
[Result "1-0"]
[WhiteElo "2533"]
[BlackElo "2260"]

1.d4 Nf6 2.c4 e6 3.Nc3 Bb4 4.Qc2 d5 5.cxd5 Qxd5 6.Nf3 Qf5 7.Qd1 c5 8.Bd2 Nc6
9.e4 Nxe4 10.Bd3 Nxf2 11.Bxf5 Nxd1 12.Rxd1 exf5 13.d5 Nd8 14.Nb5 Bxd2+ 15.Kxd2
O-O 16.Rhe1 f6 17.Re7 Nf7 18.Rde1 a6 19.Nc7 Rb8 20.Ne8 f4 21.Nh4 b5 22.d6 Rb7
23.Nf5 Ne5 24.Rxb7 Bxb7 25.Rxe5 Bc8 26.Ne7+ Kf7 27.Nxc8 Rxe8 28.d7 Rd8 29.Re7+
Kf8 30.Kd3 f5 31.h4 a5 32.a4 {#r} 1-0

[Event "Ch Ukraine (juniors) (under 16)"]
[Site "masterchessopen.com Dnepropetrovsk (Ukraine)"]
[Round "11"]
[White "Eryomenko Volodymyr (UKR)"]
[Black "Garifulin Alexander (UKR)"]
[Result "1-0"]
[WhiteElo "2386"]
[BlackElo "2294"]

1.d4 Nf6 2.c4 e6 3.Nc3 Bb4 4.Qc2 d5 5.cxd5 Qxd5 6.e3 c5 7.Bd2 Bxc3 8.Bxc3 cxd4
9.Bxd4 Nc6 10.Bc3 e5 11.Nf3 Bg4 12.Be2 O-O 13.O-O e4 14.Nd4 Rac8 15.Rfd1 Bxe2
16.Nxe2 Qc4 17.Ng3 Rfd8 18.Qb3 Qxb3 19.axb3 Rd3 20.Kf1 Rcd8 21.Ke2 Rxd1
22.Rxd1 Rxd1 23.Kxd1 Ng4 24.Ke2 Nxh2 25.f3 exf3+ 26.gxf3 g5 27.Ne4 h6 28.Kf2
f5 29.Nf6+ Kf7 30.Kg2 b5 31.Nd5 b4 32.Nxb4 Nxb4 33.Bxb4 Nxf3 34.Kxf3 a6 35.e4
Ke6 36.Bf8 h5 37.Bh6 g4+ 38.Kf4 fxe4 39.Kxe4 {#r} 1-0

[Event "Ch France (team) 2003"]
[Site "masterchessopen.com France"]
[Round "2"]
[White "Marcelin Cyril (FRA)"]
[Black "David Alberto (LUX)"]
[Result "1-0"]
[WhiteElo "2453"]
[BlackElo "2573"]

1.d4 Nf6 2.c4 e6 3.Nc3 Bb4 4.Qc2 d5 5.cxd5 Qxd5 6.e3 c5 7.Bd2 Bxc3 8.Bxc3 cxd4
9.Bxd4 Nc6 10.Bc3 e5 11.Nf3 O-O 12.Be2 Re8 13.O-O Qe4 14.Rfc1 Qxc2 15.Rxc2 Bf5
16.Rcc1 a6 17.Be1 Rac8 18.Nd2 Nd5 19.Nc4 Rcd8 20.a3 h6 21.Nd2 Nc7 22.Nb3 Ne6
23.Bxa6 bxa6 24.Rxc6 Rb8 25.Bb4 Bd3 26.Na5 Rb5 27.Rac1 h5 28.h3 h4 29.Nc4 Rd8
30.Rxa6 Nc5 31.Rd6 {#r} 1-0

[Event "Ch St. Petersburg"]
[Site "masterchessopen.com St. Petersburg (Russia)"]
[Round "5"]
[White "Ivanov Sergey_ (RUS)"]
[Black "Solozhenkin Evgeniy (RUS)"]
[Result "0-1"]
[WhiteElo "2553"]
[BlackElo "2501"]

{ Ivanov Sergey (RUS) +0 =1 -1 } 1.d4 { 1 } 1...Nf6 2.c4 e6 3.Nc3 Bb4 4.Qc2 d5
5.cxd5 Qxd5 6.e3 ( 6.Nf3 Qf5 7.Qd1 Nbd7 8.e3 Ne4 9.Bd2 Nxd2 10.Qxd2 e5 11.Bd3
Bxc3 12.Qxc3 exd4 13.Nxd4 Qc5 14.Qd2 Ne5 15.Be4 Qe7 16.O-O O-O 17.Rac1 c6
18.Bb1 Rd8 19.Qc2 Ng6 20.a3 Bd7 21.e4 Rac8 22.Rfe1 c5 23.Nf5 Qe5 24.g3 c4
25.Qc3 Qxc3 { ...1/2-1/2, Ivanov Sergey 2538 - Landa Konstantin 2591 , St.
Petersburg 1999 Ch Russia (club) } ) 6...c5 7.Bd2 Bxc3 8.bxc3 { = } ( 8.Bxc3
cxd4 9.Bxd4 Nc6 10.Bc3 Qc5 11.Rc1 O-O 12.Nf3 Nd5 13.Bd2 Qxc2 14.Rxc2 e5 15.Rc5
Rd8 16.Bc4 Nb6 17.Bb3 Re8 18.Ng5 Re7 19.f3 Nd7 20.Rc1 Nf6 21.Bc2 h6 22.Ne4 {
1/2-1/2, Kasparov Garry 2851 - Anand Viswanathan 2771 , Frankfurt 1999 It
(active) (cat.21) } ) 8...b6 ( 8...O-O 9.Nf3 Nc6 10.Rb1 b6 11.Be2 Bb7 12.c4
Qd6 13.Bc3 cxd4 14.exd4 Rfd8 15.O-O Ne7 16.Rb3 Rac8 17.Ne5 Ng6 18.Nxg6 Be4
19.Qc1 Bxg6 20.Ba1 Nd7 21.Qb2 f6 22.f4 Nb8 23.g3 Be8 24.Re3 Nc6 25.Bg4 Bd7
26.Rfe1 Re8 27.f5 e5 28.Bf3 { ...0-1, Pokorny Amos - Foltys Jan 2520 ,
Rakovnik 1940 Ch Czechia } ) ( 8...Nc6 9.Nf3 O-O 10.c4 Qd6 11.Bc3 b6 12.Rd1
cxd4 13.Nxd4 Nxd4 14.Rxd4 Qe7 15.Be2 e5 16.Rd1 Bb7 17.Qb2 Rfe8 18.Bb4 Qc7
19.Bd6 Qc6 20.f3 Nd7 21.O-O Re6 22.c5 bxc5 23.Bc4 Rxd6 24.Rxd6 Qxd6 25.Qxb7
Rf8 26.Bb3 Nb6 27.Rd1 Qb8 28.Bxf7+ { ...1/2-1/2, Antoshin Vladimir S 2510 -
Cherepkov Alexander V 2400 , Leningrad 1957 Ch URS (1/2 final) } ) 9.Nf3 Nbd7
( 9...Bb7 10.Be2 Nbd7 11.O-O Rc8 12.c4 Qe4 13.Bd3 Qg4 14.d5 exd5 15.cxd5 Bxd5
16.e4 Bb7 17.h3 Qh5 18.e5 Nd5 19.Rae1 Nb4 20.Bxb4 cxb4 21.Qd2 Bxf3 22.e6 Nf6
23.Qf4 O-O 24.e7 Rfe8 25.Re5 Nd5 26.Qg3 Nxe7 27.Rxh5 Bxh5 28.Re1 Nd5 29.Rxe8+
{ ...1-0, Bareev Evgeny 2729 - Ivanchuk Vassily 2699 , Wijk aan Zee 2003 It
(cat.19) } ) 10.Be2 { N } ( 10.c4 Qd6 11.Be2 Bb7 12.O-O ( 12.Rd1 Rc8 13.O-O
Qc7 14.dxc5 Nxc5 15.Nd4 O-O 16.f3 Rfd8 17.Be1 Qe7 18.Bh4 Bc6 19.Nb5 h6
20.Rxd8+ Rxd8 21.e4 Bxb5 22.cxb5 e5 23.Rd1 Ne6 24.Rxd8+ Qxd8 25.Qc1 Qd6 26.Bf2
Nd7 27.Bc4 Nd4 28.h3 Nc5 29.Kh2 g5 { ...1/2-1/2, Bareev Evgeny 2729 - Topalov
Veselin 2743 , Wijk aan Zee 2003 It (cat.19) } ) 12...O-O 13.Bc3 cxd4 14.Nxd4
Qe5 15.a4 Rac8 16.Nb5 Qb8 17.Rfd1 Nc5 18.Qb2 Ne8 19.a5 bxa5 20.Rxa5 a6 21.Be5
Qa8 22.f3 f6 23.Bd6 Rf7 24.Qa3 Nd7 25.c5 Nf8 26.Bxf8 Rxf8 27.Bc4 Bd5 28.Bxd5
exd5 29.Rxa6 Qb7 { ...1-0, Frydman Paulin - Regedzinski Theodore, Lodz 1938 It
} ) 10...Bb7 11.O-O O-O { } 12.Rfd1 { N } 12...Qc6 13.c4 cxd4 14.exd4 e5 { ?!
} ( 14...Rfd8 { !? } 15.a4 Qc7 16.a5 b5 { } ) 15.Bc3 { ?! } ( 15.Bb4 { !? }
15...Rfc8 16.dxe5 Nxe5 17.Rd6 { } ) 15...exd4 16.Rxd4 Rfe8 17.Rad1 Qe6 { ?! }
( 17...Nc5 { !? } 18.Ne1 Qe6 19.Bf3 Nfe4 { } ) 18.Bf1 { ?! } ( 18.Rxd7 { !? }
18...Nxd7 19.Ng5 Be4 20.Qb2 { } ) 18...Bxf3 19.gxf3 Ne5 20.Bg2 Rac8 21.f4 Nc6
22.R4d2 Ne7 23.Qd3 Qxc4 24.Qxc4 Rxc4 25.Bxf6 gxf6 26.Rd7 Ra4 27.R1d2 { ?! } (
27.Rb7 { !? } 27...Kf8 28.Bf1 Nf5 29.Bb5 { } ) 27...Ng6 28.Bc6 Re1+ 29.Kg2 Ra3
30.f3 Nxf4+ 31.Kg3 Ne6 32.Re7 f5 33.Rdd7 { ? } ( { ? } 33.Rg2 Kg7 34.Kf2+ Kf6
35.Rxa7 { } ) 33...f4+ { ? } ( { ? } 33...Rxa2 34.Re8+ Kg7 35.Rxe6 Rxe6 { } )
34.Kf2 { ? } ( { ? } 34.Kh4 Rxa2 35.h3 Rg2 36.Bd5 { } ) 34...Rae3 35.Bb5 Rb1
36.Bd3 { ?! } ( 36.a4 { !? } 36...Rb2+ 37.Kf1 Rxf3+ 38.Ke1 { } ) 36...Rb2+
37.Kf1 Rxf3+ 38.Kg1 Re3 39.Bf1 Ng5 40.Bg2 Rb1+ 41.Kf2 Rb2+ { } {#R} 0-1

[Event "Ch Russia (1/2 final)"]
[Site "masterchessopen.com Tula (Russia)"]
[Round "2"]
[White "Mishin Alexei (RUS)"]
[Black "Balashov Yuri S (RUS)"]
[Result "0-1"]
[WhiteElo "2329"]
[BlackElo "2469"]

1.d4 Nf6 2.c4 e6 3.Nc3 Bb4 4.Qc2 d5 5.cxd5 Qxd5 6.Nf3 Qf5 7.Qxf5 exf5 8.Bd2 c6
9.e3 Nbd7 10.Bd3 Nb6 11.Ne2 Bd6 12.O-O O-O 13.Ne5 Re8 14.Nc4 Nxc4 15.Bxc4 Be6
16.Bd3 Ne4 17.Ba5 b6 18.Be1 Rad8 19.g4 Bd5 20.f3 Ng5 21.Bh4 f6 22.Bxg5 fxg5
23.Kf2 fxg4 24.fxg4 Bxh2 25.Nc3 Bg3+ 26.Ke2 Be6 27.Bf5 Bc4+ 28.Bd3 Rxd4
29.Bxc4+ Rxc4 30.Rad1 Be5 31.Rd7 a5 32.Kd3 Rxg4 33.Ne4 h5 34.Rf5 Bxb2 35.Nxg5
Bf6 36.Nf7 Re7 37.Rxe7 Bxe7 38.Ne5 Ra4 {#R} 0-1

[Event "It (cat.19)"]
[Site "masterchessopen.com Wijk aan Zee (Netherlands)"]
[Round "12"]
[White "Bareev Evgeny (RUS)"]
[Black "Ivanchuk Vassily (UKR)"]
[Result "1-0"]
[WhiteElo "2715"]
[BlackElo "2705"]

{ Bareev Evgeny (RUS) +2 =2 -0 } 1.d4 Nf6 2.c4 e6 3.Nc3 Bb4 4.Qc2 d5 5.cxd5
Qxd5 6.e3 c5 7.Bd2 Bxc3 8.bxc3 { = } ( 8.Bxc3 cxd4 9.Bxd4 Nc6 10.Bc3 O-O (
10...Qc5 11.Rc1 O-O 12.Nf3 Nd5 13.Bd2 Qxc2 14.Rxc2 e5 15.Rc5 Rd8 16.Bc4 Nb6
17.Bb3 Re8 18.Ng5 Re7 19.f3 Nd7 20.Rc1 Nf6 21.Bc2 h6 22.Ne4 { 1/2-1/2,
Kasparov Garry 2851 - Anand Viswanathan 2771 , Frankfurt 1999 It (active)
(cat.21) } ) 11.Nf3 Rd8 12.Be2 Qc5 13.Qa4 Nd5 14.Bd2 Bd7 15.Qh4 Qc2 16.O-O Ne5
17.Nxe5 Qxd2 18.Bd3 g6 19.Nxf7 Kxf7 20.Qxh7+ Kf6 21.Qxg6+ Ke7 22.Qg7+ Kd6
23.Rfd1 Qb4 24.e4 Ba4 25.Rac1 { 1-0, Bareev Evgeny 2719 - Sakaev Konstantin
2639 , Moscow 2001 Ch World FIDE (KO-system) } ) 8...b6 ( 8...O-O 9.Nf3 Nc6
10.Rb1 b6 11.Be2 Bb7 12.c4 Qd6 13.Bc3 cxd4 14.exd4 Rfd8 15.O-O Ne7 16.Rb3 Rac8
17.Ne5 Ng6 18.Nxg6 Be4 19.Qc1 Bxg6 20.Ba1 Nd7 21.Qb2 f6 22.f4 Nb8 23.g3 Be8
24.Re3 Nc6 25.Bg4 Bd7 26.Rfe1 Re8 27.f5 e5 28.Bf3 { ...0-1, Pokorny Amos -
Foltys Jan 2520 , Rakovnik 1940 Ch Czechia } ) ( 8...Nc6 9.Nf3 O-O 10.c4 Qd6
11.Bc3 b6 12.Rd1 cxd4 13.Nxd4 Nxd4 14.Rxd4 Qe7 15.Be2 e5 16.Rd1 Bb7 17.Qb2
Rfe8 18.Bb4 Qc7 19.Bd6 Qc6 20.f3 Nd7 21.O-O Re6 22.c5 bxc5 23.Bc4 Rxd6 24.Rxd6
Qxd6 25.Qxb7 Rf8 26.Bb3 Nb6 27.Rd1 Qb8 28.Bxf7+ { ...1/2-1/2, Antoshin
Vladimir S 2510 - Cherepkov Alexander V 2400 , Leningrad 1957 Ch URS (1/2
final) } ) 9.Nf3 Bb7 10.Be2 { -0.21 CAP N } ( 10.Ne5 Nbd7 11.Nxd7 Qxd7 12.f3
O-O 13.Be2 Rac8 14.Qb2 Rfd8 15.Rd1 Bc6 16.Ba6 Rb8 17.Bc4 Bd5 18.Bb5 Bc6 19.Bc4
Bd5 20.Bb5 Bc6 { 1/2-1/2, Kjeldsen Jens 2415 - Christensen Tobias 2400 ,
Denmark 1996 Ch Denmark (team) 1995/96 } ) 10...Nbd7 11.O-O Rc8 12.c4 Qe4
13.Bd3 Qg4 14.d5 { } ( 14.Ne1 { !? } 14...O-O 15.f3 Qh4 16.g3 { } ) 14...exd5
15.cxd5 Bxd5 16.e4 Bb7 17.h3 Qh5 18.e5 Nd5 19.Rae1 Nb4 20.Bxb4 cxb4 21.Qd2 { }
( 21.Qa4 { !? } 21...Bxf3 22.gxf3 Ke7 23.Qxb4+ { } ) 21...Bxf3 22.e6 Nf6
23.Qf4 { } ( 23.Qxb4 { !? } 23...Rc5 24.Qf4 O-O 25.Qxf3 { } ) 23...O-O { ? } (
23...Bd5 { ! } 24.Qd6 fxe6 25.Rxe6+ Bxe6 { } ) 24.e7 Rfe8 25.Re5 Nd5 { ? } (
25...Rxe7 { ! } 26.Rxh5 Bxh5 27.Qxb4 Rc5 { } ) 26.Qg3 Nxe7 27.Rxh5 Bxh5 28.Re1
Nd5 29.Rxe8+ Rxe8 30.Bc4 Nc3 31.Qc7 b5 32.Bb3 a6 { ? } ( 32...g5 { ! } 33.Qxa7
Re4 34.f3 Re1+ { } ) 33.f4 Ne2+ 34.Kh2 { } {#r} 1-0